| 000 | 00664nam a2200217 a 4500 | ||
|---|---|---|---|
| 001 | 000018838 | ||
| 005 | 20200929165850.0 | ||
| 008 | 100519s1993 cu r 000 p spa d | ||
| 020 | _a9591001452 | ||
| 040 |
_aDO-SdBNP _bspa _cBNPHU |
||
| 082 |
_a861.44 _bD559c |
||
| 100 | 1 |
_aDiego, Eliseo _921275 |
|
| 245 | 1 | 0 |
_aEn la calzada de Jesús del Monte / _cEliseo Diego ; edición Rosa María Hernández. |
| 260 |
_aLa Habana : _bLetras Cubanas, _c1993. |
||
| 300 |
_a96 p. ; _c19 cm. |
||
| 586 | _aPremi Juan Rulfo 1993 | ||
| 650 | 4 |
_aPoesía cubana _95226 |
|
| 650 | 4 |
_aLiteratura cubana _91483 |
|
| 700 | 1 |
_aHernández, Rosa María, _eed. _940594 |
|
| 049 | _aBNGR | ||
| 999 |
_c18358 _d18358 |
||